Thermodynamics of Surface Phenomena (Record no. 565738)
[ view plain ]
| 000 -LEADER | |
|---|---|
| fixed length control field | 00407nam a2200133Ia 4500 |
| 008 - FIXED-LENGTH DATA ELEMENTS--GENERAL INFORMATION | |
| fixed length control field | 210430s9999 xx 000 0 und d |
| 020 ## - INTERNATIONAL STANDARD BOOK NUMBER | |
| International Standard Book Number | 9788130931432 |
| 082 ## - DEWEY DECIMAL CLASSIFICATION NUMBER | |
| Classification number | 530.427 D121T |
| 100 ## - MAIN ENTRY--PERSONAL NAME | |
| Personal name | Dadashev, R.Kh. |
| 9 (RLIN) | 54853 |
| 245 ## - TITLE STATEMENT | |
| Title | Thermodynamics of Surface Phenomena |
| Statement of responsibility, etc. | Dadashev, R.Kh. |
| 260 ## - PUBLICATION, DISTRIBUTION, ETC. | |
| Place of publication, distribution, etc. | Cambridge, UK. |
| Name of publisher, distributor, etc. | Cambridge International Science Publishing. |
| Date of publication, distribution, etc. | 2015 |
| 300 ## - PHYSICAL DESCRIPTION | |
| Extent | 279p. |
| 942 ## - ADDED ENTRY ELEMENTS (KOHA) | |
| Koha item type | Reference |
| Source of classification or shelving scheme | |
| Withdrawn status | Lost status | Damaged status | Not for loan | Permanent Location | Current Location | Date acquired | Total Checkouts | Full call number | Barcode | Date last seen | Price effective from | Koha item type |
|---|---|---|---|---|---|---|---|---|---|---|---|---|
| School of Chemical & Materials Engineering (SCME) | School of Chemical & Materials Engineering (SCME) | 530.427 D121T | SCME-4687 | 04/30/2021 | 04/30/2021 | Reference |
